Az oktatási minisztérium állásfoglalása a komáromi nagygyűlésről

Bibliographic Details
Main Author: Felix, Ján (Author)
Format: Article
Language:Hungarian
Subjects:

MARC

LEADER 00000nab a2200000 a 4500
001 vtls000549053
003 SK-MaSNL
005 20260318132924.0
008 160202c1995 xo 0 hun
015 |a SNBRB19rr/mm-uuuuu 
035 |a CL0549191 
040 |a SNKBUCL  |b slo  |c SNKBUCL  |e AACR2 
041 0 |a hun 
044 |a xo  |c SK 
080 |a 323.15(437.6=945.11)  |2 1981 
080 |a 371(437.6=945.11)  |2 1981 
080 |a 376.7(437.6=945.11)  |2 1981 
080 |a 323.233(437.6)  |2 1981 
080 |a 008  |2 1981 
080 |a 354.32(437.6)  |2 1981 
100 1 |a Felix, Ján  |4 aut  |9 362264 
245 1 3 |a Az oktatási minisztérium állásfoglalása a komáromi nagygyűlésről  |c Ján Felix 
500 |a Poznámky k článku od Sz. J. 
610 1 7 |a Slovensko.  |b Ministerstvo školstva a vedy  |2 snkbucl  |9 32441 
650 0 7 |a Maďari na Slovensku  |2 snkbucl  |9 373044 
650 0 7 |a práva menšinové  |2 snkbucl  |9 973507 
650 0 7 |a školstvo národnostné maďarské  |2 snkbucl  |9 893806 
650 0 7 |a alternatívne vyučovanie  |2 snkbucl  |9 71504 
651 7 |a 5204  |2 snkbucl  |9 376683 
655 7 |a články z novín a časopisov  |2 snkbucl  |9 267496 
773 0 |t Új szó  |g Roč. 48, č. 97 (27. 4. 1995), s. 2 
850 |a Slovenská národná knižnica v Martine  |a DSG001 
852 |a SNK  |b KIS3GCP 
958 |a RK 
958 |a HU 
958 |a SK 
992 |a RBX 
999 |c 2084207  |d 2086137